000 00589nam a22001817a 4500
999 _c12947
_d12947
003 AR-CdUCM
008 190410b ||||| |||| 00| 0 spa d
020 _a978-612-47305-0-4
040 _aMUNICIPALIDAD PROVINCIAL DEL CUSCO
_cBIBLIOTECA MUNICIPAL DEL CUSCO
082 _aES / 373.800 /
_bH83
100 _aHuamanga Gamarra, Zenaida
_931084
245 _aSiete Narradores Contemporáneos Cusqueños /
260 _aCusco :
_bSieteculebras Editores ;
_c2017.
300 _a87 páginas ;
_c19cm
650 _aLiteratura cusqueña
_9164
942 _2ddc
_cLIBROS
945 _anom
_d2019-04-10